TEACHING ENGLISH (Record no. 17560)

MARC details
000 -LEADER
fixed length control field 00252nam a22001217a 4500
003 - CONTROL NUMBER IDENTIFIER
control field SGT
082 ## - DEWEY DECIMAL CLASSIFICATION NUMBER
Classification number 370
Item number JHA
100 ## - MAIN ENTRY--PERSONAL NAME
Personal name JHA, SANJAY RODRICK
245 ## - TITLE STATEMENT
Title TEACHING ENGLISH
260 ## - PUBLICATION, DISTRIBUTION, ETC. (IMPRINT)
Place of publication, distribution, etc DELHI
Name of publisher, distributor, etc RI PUB.
Year of Publication 2019
300 ## - PAGE DESCRIPTION
No. of Pages 187
942 ## - ADDED ENTRY ELEMENTS (KOHA)
Source of classification or shelving scheme Dewey Decimal Classification
Koha item type Books
942 ## - ADDED ENTRY ELEMENTS (KOHA)
-- 1
Holdings
Withdrawn status Lost status Source of classification or shelving scheme Damaged status Not for loan Collection code Home library Current library Date acquired SGTU Full call number Accession No. (Barcode) Date last seen Bill Date Koha item type Total Checkouts Date last borrowed
    Dewey Decimal Classification     EDUCATION SGT Engineering Library SGT Engineering Library 16/04/2019 SGTU 370 JHA ED3531 16/04/2019 16/04/2019 Books    
    Dewey Decimal Classification     EDUCATION SGT Engineering Library SGT Engineering Library 16/04/2019 SGTU 370 JHA ED3532 17/05/2019 16/04/2019 Books 1 13/05/2019
    Dewey Decimal Classification     EDUCATION SGT Engineering Library SGT Engineering Library 16/04/2019 SGTU 370 JHA ED3533 06/02/2025 16/04/2019 Books 5 23/01/2025
    Dewey Decimal Classification     EDUCATION SGT Engineering Library SGT Engineering Library 16/04/2019 SGTU 370 JHA ED3534 16/04/2019 16/04/2019 Books    
    Dewey Decimal Classification     EDUCATION SGT Engineering Library SGT Engineering Library 16/04/2019 SGTU 370 JHA ED3535 20/01/2020 16/04/2019 Books 1 07/01/2020